ՀՀ Գիտությունների ազգային ակադեմիայի հիմնարար գիտական գրադարան  =   Fundamental Scientific Library of NAS RA

Ինքնուրույն մարդիկ : (Record no. 8180)

MARC details
000 -LEADER
fixed length control field 00944nam a2200229 a 4500
001 - CONTROL NUMBER
control field 000021824
003 - CONTROL NUMBER IDENTIFIER
control field AM-YEHGA
005 - DATE AND TIME OF LATEST TRANSACTION
control field 20250618070829.0
008 - FIXED-LENGTH DATA ELEMENTS--GENERAL INFORMATION
fixed length control field 981209s1967 ai |||||||||||||||1|arm|d
040 ## - CATALOGING SOURCE
Original cataloging agency AM-YeHGA
041 1# - LANGUAGE CODE
Language code of text/sound track or separate title arm
Language code of original rus
090 ## - LOCALLY ASSIGNED LC-TYPE CALL NUMBER (OCLC); LOCAL CALL NUMBER (RLIN)
-- 8240
100 1# - MAIN ENTRY--PERSONAL NAME
Personal name Լաքսնես, Հալդոր
245 10 - TITLE STATEMENT
Title Ինքնուրույն մարդիկ :
Remainder of title Հերոսական սագա /
Statement of responsibility, etc. Հ. Լաքսնես ; Ռուս. թարգմ.՝ Վ. Արամյան ; Խմբ.՝ Հ. Սևան ; Առաջաբ.՝ Բ. Պոլեվոյ.
260 ## - PUBLICATION, DISTRIBUTION, ETC.
Place of publication, distribution, etc. Երևան :
Name of publisher, distributor, etc. Հայաստան,
Date of publication, distribution, etc. 1967.
300 ## - PHYSICAL DESCRIPTION
Extent 636 էջ
650 14 - SUBJECT ADDED ENTRY--TOPICAL TERM
Topical term or geographic name entry element Իսլանդական գրականություն
General subdivision Վեպ
700 1# - ADDED ENTRY--PERSONAL NAME
Personal name Արամյան, Վալտեր Գևորգի,
Dates associated with a name 1909-1994
Relator term թարգմ.
Relationship trl
9 (RLIN) 975
700 1# - ADDED ENTRY--PERSONAL NAME
Personal name Սևան, Հենրիկ Կարապետի,
Dates associated with a name 1925-2008
Relator term խմբ.
Relationship edt
9 (RLIN) 2100
700 1# - ADDED ENTRY--PERSONAL NAME
Personal name Պոլևոյ, Բորիս Նիկոլաևիչ
Relator term առաջաբ.
Relationship aui
942 ## - ADDED ENTRY ELEMENTS (KOHA)
Source of classification or shelving scheme Universal Decimal Classification
Koha item type Գրքեր / Books
Holdings
Withdrawn status Lost status Source of classification or shelving scheme Damaged status Not for loan Collection Home library Current library Date acquired Total checkouts Full call number Barcode Date last seen Price effective from Koha item type Public note
    Universal Decimal Classification     General Fundamental Scientific Library Fundamental Scientific Library 21/12/2016   AII/41026 220041026 21/12/2016 21/12/2016 Գրքեր / Books 30 Days Loan
    Universal Decimal Classification     General Fundamental Scientific Library Fundamental Scientific Library 21/12/2016   AII/41027 220041027 21/12/2016 21/12/2016 Գրքեր / Books 30 Days Loan
    Universal Decimal Classification     General Fundamental Scientific Library Fundamental Scientific Library 21/12/2016   AII/41028 220041028 21/12/2016 21/12/2016 Գրքեր / Books 30 Days Loan
    Universal Decimal Classification     General Fundamental Scientific Library Fundamental Scientific Library 21/12/2016   AII/41029 220041029 21/12/2016 21/12/2016 Գրքեր / Books 30 Days Loan


ՀՀ ԳԱԱ հիմնարար գիտական գրադարան
ՀՀ,Երևան 0019
Մարշալ Բաղրամյան 24/6
հեռախոս:(374-10) 52-47-50
Հետադարձ կապ

All site content, except where otherwise noted, is licensed under a
Creative Commons License